[Event "Titled Tuesday intern op 06th May Early"]
[Site "Chess.com INT"]
[Date "2025.05.06"]
[Round "1"]
[White "Sameer, Loay"]
[Black "Nikulina, Alena"]
[Result "1-0"]
[WhiteElo "2251"]
[BlackElo "1875"]
[PlyCount "53"]
[EventDate "2025.05.06"]
[EventType "swiss (blitz)"]
[EventRounds "11"]
[EventCountry "USA"]
[SourceTitle "CB20_2025"]
[SourceDate "2025.05.14"]
[SourceVersion "1"]
[SourceVersionDate "2025.05.14"]
[SourceQuality "1"]

1. e4 c5 2. Be2 e6 3. f4 Nc6 4. Nf3 d6 5. 0-0 Nf6 6. d3 Be7 7. c3 0-0 8. Kh1 b5 9. Be3 Bb7 10. Nbd2 a5 11. d4 c4 12. a4 b4 13. Bxc4 Rc8 14. Bd3 bxc3 15. bxc3 Ng4 16. Bg1 Nb8 17. c4 d5 18. cxd5 exd5 19. e5 g6 20. f5 Bg5 21. f6 Be3 22. Qe2 Bxg1 23. Kxg1 Qd7 24. h3 Nh6 25. Qe3 Nf5 26. Bxf5 Qxf5 27. Qh6 1-0

[Event "Erbil zt 3.1"]
[Site "Erbil"]
[Date "2025.04.11"]
[Round "5"]
[White "Mansour, Sameer"]
[Black "Sameer, Loay"]
[Result "1/2-1/2"]
[WhiteElo "2171"]
[BlackElo "2230"]
[PlyCount "39"]
[EventDate "2025.04.08"]
[EventType "swiss"]
[EventRounds "9"]
[EventCountry "IRQ"]
[SourceTitle "CB16_2025"]
[SourceDate "2025.04.16"]
[SourceVersion "1"]
[SourceVersionDate "2025.04.16"]
[SourceQuality "1"]

1. Nf3 Nf6 2. g3 g6 3. Bg2 Bg7 4. 0-0 0-0 5. c4 c5 6. Nc3 Nc6 7. d4 cxd4 8. Nxd4 Nxd4 9. Qxd4 d6 10. Qd2 Rb8 11. b3 a6 12. Bb2 b5 13. cxb5 axb5 14. b4 Be6 15. e4 Qd7 16. Nd5 Nxd5 17. Bxg7 Kxg7 18. exd5 Bf5 19. Rfc1 h5 20. Rc6 1/2-1/2

[Event "Arab-ch"]
[Site "Sharjah"]
[Date "2024.11.15"]
[Round "9"]
[White "Taieb, Sahbi"]
[Black "Sameer, Loay"]
[Result "1/2-1/2"]
[WhiteElo "2105"]
[BlackElo "2185"]
[PlyCount "88"]
[EventDate "2024.11.07"]
[EventType "swiss"]
[EventRounds "9"]
[EventCountry "UAE"]
[SourceTitle "CB47_2024"]
[SourceDate "2024.11.20"]
[SourceVersion "1"]
[SourceVersionDate "2024.11.20"]
[SourceQuality "1"]

1. e4 c5 2. Nf3 Nc6 3. Bb5 Nf6 4. Nc3 Nd4 5. e5 Nxb5 6. Nxb5 Nd5 7. Ng5 f6 8. Ne4 f5 9. Nbc3 Nxc3 10. Nxc3 e6 11. d4 cxd4 12. Qxd4 b6 13. Nb5 Bb7 14. Be3 Bc6 15. a4 Bxb5 16. axb5 Bc5 17. Qd2 Bxe3 18. Qxe3 Qc7 19. c3 0-0 20. 0-0 Qc4 21. Rfd1 Qxb5 22. Rd2 f4 23. Qe4 a5 24. c4 Qb4 25. Rxd7 Rad8 26. Rxd8 Rxd8 27. Qc6 Qxb2 28. Qxe6+ Kh8 29. Rf1 a4 30. Qe7 Rg8 31. e6 Qe5 32. h3 a3 33. Qxa3 Qxe6 34. Rc1 h6 35. Qf3 Qf6 36. Re1 Rd8 37. Re4 Rd4 38. Re8+ Kh7 39. Qe2 Qg6 40. Qe6 Qxe6 41. Rxe6 Rxc4 42. Rxb6 g5 43. Kh2 Rc2 44. f3 h5 1/2-1/2

[Event "Arab-ch"]
[Site "Sharjah"]
[Date "2024.11.14"]
[Round "8"]
[White "Sameer, Loay"]
[Black "Abu Azizah, Raji"]
[Result "1/2-1/2"]
[WhiteElo "2185"]
[BlackElo "1979"]
[PlyCount "43"]
[EventDate "2024.11.07"]
[EventType "swiss"]
[EventRounds "9"]
[EventCountry "UAE"]
[SourceTitle "CB47_2024"]
[SourceDate "2024.11.20"]
[SourceVersion "1"]
[SourceVersionDate "2024.11.20"]
[SourceQuality "1"]

1. e4 c5 2. Nf3 e6 3. d3 Nc6 4. g3 g6 5. Bg2 Bg7 6. 0-0 Nge7 7. Re1 0-0 8. c3 d5 9. e5 b5 10. h4 h5 11. Be3 c4 12. Bc5 Re8 13. d4 Nf5 14. a4 Rb8 15. axb5 Rxb5 16. Qe2 a6 17. Na3 Rb8 18. Bh3 Na5 19. Rab1 Nb3 20. Nc2 Nxc5 21. dxc5 Qc7 22. Ncd4 1/2-1/2

[Event "Arab-ch Rapid"]
[Site "Sharjah"]
[Date "2024.11.10"]
[Round "5"]
[White "George Samir, David"]
[Black "Sameer, Loay"]
[Result "0-1"]
[WhiteElo "2208"]
[BlackElo "2185"]
[PlyCount "92"]
[EventDate "2024.11.10"]
[EventType "swiss (rapid)"]
[EventRounds "7"]
[EventCountry "UAE"]
[SourceTitle "CB47_2024"]
[SourceDate "2024.11.20"]
[SourceVersion "1"]
[SourceVersionDate "2024.11.20"]
[SourceQuality "1"]

1. e4 c5 2. Nf3 Nc6 3. d4 cxd4 4. Nxd4 Nf6 5. Nc3 e5 6. Ndb5 d6 7. Bg5 a6 8. Na3 b5 9. Nd5 Be7 10. Bxf6 Bxf6 11. c4 b4 12. Nc2 a5 13. g3 0-0 14. h4 Be6 15. Bg2 g6 16. 0-0 Bg7 17. h5 a4 18. b3 Qa5 19. Qd2 Bxd5 20. exd5 Nd4 21. Nxd4 exd4 22. Rae1 axb3 23. axb3 Qa3 24. Qd3 Qb2 25. Qb1 Ra2 26. Qxb2 Rxb2 27. Rb1 Rc2 28. Rfc1 Rc3 29. Rxc3 dxc3 30. Be4 Re8 31. Bd3 Ra8 32. Rc1 Ra2 33. Rc2 Ra1+ 34. Kg2 Bd4 35. Re2 gxh5 36. Kf3 Kg7 37. Be4 h6 38. Bd3 Kf6 39. Re4 Bc5 40. Rf4+ Kg7 41. Re4 Rd1 42. Bc2 Rc1 43. Bd3 Rh1 44. Bc2 Bxf2 45. Re2 Bc5 46. Kf4 Rf1+ 0-1

[Event "Arab-ch Rapid"]
[Site "Sharjah"]
[Date "2024.11.10"]
[Round "2"]
[White "Sameer, Loay"]
[Black "Bellahcene, Bilel"]
[Result "0-1"]
[WhiteElo "2185"]
[BlackElo "2517"]
[PlyCount "78"]
[EventDate "2024.11.10"]
[EventType "swiss (rapid)"]
[EventRounds "7"]
[EventCountry "UAE"]
[SourceTitle "CB47_2024"]
[SourceDate "2024.11.20"]
[SourceVersion "1"]
[SourceVersionDate "2024.11.20"]
[SourceQuality "1"]

1. e4 c5 2. Be2 Nc6 3. f4 e6 4. Nf3 d5 5. d3 Nf6 6. e5 Nd7 7. c3 b5 8. 0-0 b4 9. d4 g6 10. Be3 Qb6 11. Nbd2 a5 12. g4 h5 13. h3 Be7 14. Rf2 Ba6 15. Nf1 Bxe2 16. Qxe2 hxg4 17. hxg4 c4 18. Ng3 a4 19. f5 gxf5 20. gxf5 Rg8 21. Rg2 a3 22. fxe6 fxe6 23. Ng5 Bxg5 24. Qh5+ Kd8 25. Bxg5+ Kc7 26. Rf1 Raf8 27. Rxf8 Rxf8 28. Qh7 axb2 29. Rxb2 Nxd4 30. Kg2 Nc6 31. Bh6 Rd8 32. Bg5 Rc8 33. Nf5 d4 34. Ng7 dxc3 35. Nxe6+ Kb8 36. Rf2 Ncxe5 37. Qe7 Ka8 38. Nf4 Qc5 39. Qe6 Qc6+ 0-1

[Event "Olympiad-45"]
[Site "Budapest"]
[Date "2024.09.19"]
[Round "8.1"]
[White "Sameer, Loay"]
[Black "Kamau Kanegeni, Matthew"]
[Result "1-0"]
[WhiteElo "2194"]
[BlackElo "1976"]
[PlyCount "71"]
[EventDate "2024.09.11"]
[EventType "team-swiss"]
[EventRounds "11"]
[EventCountry "HUN"]
[SourceTitle "EXT 2025"]
[Source "ChessBase"]
[SourceDate "2024.10.14"]
[SourceVersion "1"]
[SourceVersionDate "2024.10.14"]
[SourceQuality "1"]
[WhiteTeam "Jordan"]
[BlackTeam "Kenya"]
[WhiteTeamCountry "JOR"]
[BlackTeamCountry "KEN"]

1. Nf3 d5 2. g3 c6 3. Bg2 Nf6 4. 0-0 Bg4 5. d3 Nbd7 6. Nbd2 e5 7. h3 Bh5 8. e4 Bd6 9. Re1 d4 10. c3 Bxf3 11. Bxf3 dxc3 12. bxc3 0-0 13. Nc4 Nb6 14. Nxd6 Qxd6 15. d4 Rfd8 16. Qb3 Nfd7 17. Be3 exd4 18. cxd4 Nf8 19. Bg2 Ne6 20. Rad1 Rd7 21. f4 g6 22. f5 gxf5 23. exf5 Nc7 24. Bf4 Qf6 25. Qf3 Ncd5 26. Be5 Qh6 27. f6 Kh8 28. Re4 Rg8 29. Rh4 Qe3+ 30. Kh2 Qxf3 31. Bxf3 Nc3 32. Rd3 Nbd5 33. Bg4 Rxg4 34. Rxg4 Nxa2 35. Ra3 Ndb4 36. Rxa7 1-0

[Event "Olympiad-45"]
[Site "Budapest"]
[Date "2024.09.12"]
[Round "2.57"]
[White "Drayton, Anthony"]
[Black "Sameer, Loay"]
[Result "1/2-1/2"]
[WhiteElo "1964"]
[BlackElo "2194"]
[PlyCount "87"]
[EventDate "2024.09.11"]
[EventType "team-swiss"]
[EventRounds "11"]
[EventCountry "HUN"]
[SourceTitle "EXT 2025"]
[Source "ChessBase"]
[SourceDate "2024.10.14"]
[SourceVersion "1"]
[SourceVersionDate "2024.10.14"]
[SourceQuality "1"]
[WhiteTeam "Guyana"]
[BlackTeam "Jordan"]
[WhiteTeamCountry "GUY"]
[BlackTeamCountry "JOR"]

1. d4 Nf6 2. Bf4 g6 3. Nc3 d5 4. e3 Bg7 5. Be2 0-0 6. h4 h5 7. Nf3 c5 8. Nb5 Nc6 9. Bc7 Qd7 10. Bf4 a6 11. Nc7 Ra7 12. Ne5 Qxc7 13. Nxg6 Qa5+ 14. c3 fxg6 15. Qc2 Bf5 16. Bd3 Bxd3 17. Qxd3 Kf7 18. g4 hxg4 19. Be5 Qb5 20. Qc2 Nxe5 21. dxe5 Ne4 22. 0-0-0 e6 23. h5 gxh5 24. f3 gxf3 25. Qh2 Ke7 26. Qh4+ Kd7 27. Qxe4 Kc8 28. Qg6 Qd7 29. Rxh5 Qf7 30. Qg4 b5 31. Rh7 Rh8 32. Rxh8+ Bxh8 33. Rf1 Bxe5 34. Rxf3 Qe7 35. Qg8+ Kd7 36. Rf7 Bd6 37. Rxe7+ Bxe7 38. Qb8 Rc7 39. Qb6 Rc6 40. Qb7+ Kd6 41. Qb8+ Kd7 42. Qb7+ Kd6 43. Qb8+ Kd7 44. Qb7+ 1/2-1/2

[Event "Titled Tuesday intern op 27th Aug Early"]
[Site "Chess.com INT"]
[Date "2024.08.27"]
[Round "2"]
[White "Pakleza, Zbigniew"]
[Black "Sameer, Loay"]
[Result "1-0"]
[WhiteElo "2483"]
[BlackElo "2218"]
[PlyCount "61"]
[EventDate "2024.08.27"]
[EventType "swiss (blitz)"]
[EventRounds "11"]
[EventCountry "USA"]
[SourceTitle "EXT 2025"]
[Source "ChessBase"]
[SourceDate "2024.10.14"]
[SourceVersion "1"]
[SourceVersionDate "2024.10.14"]
[SourceQuality "1"]

1. d4 Nf6 2. Nf3 g6 3. Bf4 Bg7 4. e3 0-0 5. Be2 d6 6. h3 b6 7. 0-0 Bb7 8. a4 a6 9. c3 c5 10. Bh2 Nbd7 11. Nbd2 Ra7 12. Ne1 Qa8 13. Bf3 Rc8 14. Nd3 Ne4 15. Re1 Ndf6 16. Nxe4 Nxe4 17. Nf4 b5 18. Qe2 c4 19. Qc2 e5 20. axb5 axb5 21. Rxa7 Qxa7 22. Bxe4 exf4 23. Bxf4 d5 24. Bf3 b4 25. e4 b3 26. Qb1 dxe4 27. Bxe4 Bxe4 28. Qxe4 Qa2 29. Qe8+ Rxe8 30. Rxe8+ Bf8 31. Bh6 1-0

[Event "Titled Tuesday intern op 20th Aug Early"]
[Site "Chess.com INT"]
[Date "2024.08.20"]
[Round "1"]
[White "Sameer, Loay"]
[Black "Feliz Dotel, Dewar Bienvenido"]
[Result "1-0"]
[WhiteElo "2218"]
[BlackElo "2010"]
[PlyCount "87"]
[EventDate "2024.08.20"]
[EventType "swiss (blitz)"]
[EventRounds "11"]
[EventCountry "USA"]
[SourceTitle "EXT 2025"]
[Source "ChessBase"]
[SourceDate "2024.10.14"]
[SourceVersion "1"]
[SourceVersionDate "2024.10.14"]
[SourceQuality "1"]

1. d4 Nf6 2. c4 b6 3. Nf3 Bb7 4. Nc3 e6 5. d5 Bb4 6. dxe6 Bxc3+ 7. bxc3 dxe6 8. Qxd8+ Kxd8 9. Ne5 Ke7 10. c5 Nc6 11. Nxc6+ Bxc6 12. Ba3 b5 13. e3 Rhd8 14. Rb1 a6 15. f3 Nd5 16. e4 Nxc3 17. Ra1 Rd7 18. Bb2 Na4 19. Bxg7 f6 20. e5 f5 21. Be2 Kf7 22. Bf6 Nc3 23. a3 Rg8 24. Rg1 Nd5 25. Bh4 Ne3 26. Kf2 Nc2 27. Rac1 Nxa3 28. Ra1 Nc2 29. Rxa6 Bd5 30. Bxb5 c6 31. Be2 Rb7 32. Rb6 Rgb8 33. Rgb1 Rxb6 34. Rxb6 Ra8 35. Rb7+ Kg6 36. g4 Ra2 37. gxf5+ exf5 38. Kg3 Nd4 39. Bd3 Nxf3 40. Bf6 Ne1 41. Rg7+ Kh6 42. Bf1 Nc2 43. Re7 Ne3 44. Bh3 1-0

[Event "Titled Tuesday intern op 20th Aug Early"]
[Site "Chess.com INT"]
[Date "2024.08.20"]
[Round "4"]
[White "Sameer, Loay"]
[Black "Rustamov, Rustam"]
[Result "1/2-1/2"]
[WhiteElo "2218"]
[BlackElo "2283"]
[PlyCount "146"]
[EventDate "2024.08.20"]
[EventType "swiss (blitz)"]
[EventRounds "11"]
[EventCountry "USA"]
[SourceTitle "EXT 2025"]
[Source "ChessBase"]
[SourceDate "2024.10.14"]
[SourceVersion "1"]
[SourceVersionDate "2024.10.14"]
[SourceQuality "1"]

1. Nf3 Nf6 2. g3 e6 3. Bg2 d5 4. 0-0 Be7 5. d3 0-0 6. Nbd2 c5 7. e4 dxe4 8. dxe4 Nc6 9. b3 Qc7 10. Bb2 e5 11. Qe2 Nd4 12. Nxd4 cxd4 13. Rac1 Bb4 14. a3 Bc3 15. Bxc3 Qxc3 16. Qd3 Be6 17. Qxc3 dxc3 18. Nf3 Nxe4 19. Nxe5 Nd2 20. Rfe1 Rab8 21. Re3 Rfc8 22. Rd1 g6 23. g4 Kg7 24. h3 a5 25. Nf3 Nxf3+ 26. Bxf3 b5 27. Rd4 b4 28. axb4 axb4 29. Be4 Rd8 30. Red3 Rxd4 31. Rxd4 g5 32. f3 h6 33. Kf2 Kf6 34. Ke3 Ke5 35. Bd3 f5 36. gxf5 Bxf5 37. Bxf5 Kxf5 38. h4 gxh4 39. Rxh4 Kg5 40. Rg4+ Kf5 41. Rf4+ Ke5 42. Rh4 Kd5 43. Rh5+ Kc6 44. Rxh6+ Kc5 45. Rh5+ Kc6 46. Rh4 Re8+ 47. Re4 Rb8 48. Kd3 Kd5 49. Rd4+ Kc5 50. Rc4+ Kb5 51. Rd4 Rf8 52. f4 Rh8 53. Re4 Rh2 54. Re2 Rh8 55. Ke4 Re8+ 56. Kf3 Rf8 57. Re5+ Kc6 58. f5 Rh8 59. Re2 Kd6 60. Kf4 Rh1 61. Kg5 Rg1+ 62. Kf6 Rd1 63. Re4 Rd2 64. Rxb4 Rxc2 65. Rc4 Kd5 66. Rc8 Kd4 67. Kf7 Rb2 68. f6 Rxb3 69. Kg7 Kd3 70. f7 Rb7 71. Kg8 Rxf7 72. Kxf7 c2 73. Rxc2 Kxc2 1/2-1/2

[Event "Titled Tuesday intern op 13th Aug Early"]
[Site "Chess.com INT"]
[Date "2024.08.13"]
[Round "4"]
[White "Chiu, Isaac"]
[Black "Sameer, Loay"]
[Result "1-0"]
[WhiteElo "2226"]
[BlackElo "2218"]
[PlyCount "83"]
[EventDate "2024.08.13"]
[EventType "swiss (blitz)"]
[EventRounds "11"]
[EventCountry "USA"]
[SourceTitle "EXT 2025"]
[Source "ChessBase"]
[SourceDate "2024.10.14"]
[SourceVersion "1"]
[SourceVersionDate "2024.10.14"]
[SourceQuality "1"]

1. e4 c5 2. Nf3 Nc6 3. Bb5 Nf6 4. Bxc6 dxc6 5. d3 g6 6. Nc3 Bg7 7. Be3 b6 8. h3 Nd7 9. Qd2 h6 10. a4 a5 11. 0-0 e5 12. Nh2 Nf8 13. f4 exf4 14. Rxf4 Be6 15. Rf2 g5 16. Nf1 Be5 17. Ne2 Qd6 18. c3 Rd8 19. d4 cxd4 20. cxd4 c5 21. dxe5 Qxd2 22. Nxd2 Ng6 23. Nf3 Rd3 24. Ra3 Rxa3 25. bxa3 Ke7 26. Nc3 Kd7 27. Rd2+ Kc7 28. Rd6 Bc4 29. Rf6 Rd8 30. Nd5+ Bxd5 31. exd5 Rxd5 32. Rxf7+ Rd7 33. Rf6 Ne7 34. e6 Rd3 35. Bf2 Nd5 36. Bg3+ Kd8 37. Rf7 c4 38. Ne5 Rd1+ 39. Kh2 c3 40. Nc6+ Kc8 41. Rd7 Nf4 42. Rxd1 1-0

[Event "Titled Tuesday intern op 06th Aug Early"]
[Site "Chess.com INT"]
[Date "2024.08.06"]
[Round "1"]
[White "Sameer, Loay"]
[Black "Abel Mathewos, Tilahun"]
[Result "1-0"]
[WhiteElo "2218"]
[BlackElo "1972"]
[PlyCount "59"]
[EventDate "2024.08.06"]
[EventType "swiss (blitz)"]
[EventRounds "11"]
[EventCountry "USA"]
[SourceTitle "EXT 2025"]
[Source "ChessBase"]
[SourceDate "2024.10.14"]
[SourceVersion "1"]
[SourceVersionDate "2024.10.14"]
[SourceQuality "1"]

1. Nf3 Nf6 2. g3 e6 3. Bg2 d5 4. 0-0 Be7 5. d3 0-0 6. Nbd2 b6 7. e4 Bb7 8. e5 Nfd7 9. Re1 c5 10. h4 d4 11. Ne4 h6 12. Bf4 Na6 13. Qd2 Kh7 14. Nh2 Rb8 15. Ng4 Nb4 16. Bxh6 f5 17. Bxg7 Kxg7 18. Qh6+ Kg8 19. Qxe6+ Kh8 20. Qh6+ Kg8 21. Qg6+ Kh8 22. Qh5+ Kg7 23. Qh6+ Kg8 24. Nef6+ Nxf6 25. exf6 Bxf6 26. Qg6+ Bg7 27. Nh6+ Kh8 28. Nxf5 Qc7 29. Re7 Rxf5 30. Qxg7# 1-0

[Event "Titled Tuesday intern op 06th Aug Early"]
[Site "Chess.com INT"]
[Date "2024.08.06"]
[Round "4"]
[White "Sameer, Loay"]
[Black "Askarov, Bakhtiyar"]
[Result "0-1"]
[WhiteElo "2218"]
[BlackElo "2280"]
[PlyCount "118"]
[EventDate "2024.08.06"]
[EventType "swiss (blitz)"]
[EventRounds "11"]
[EventCountry "USA"]
[SourceTitle "EXT 2025"]
[Source "ChessBase"]
[SourceDate "2024.10.14"]
[SourceVersion "1"]
[SourceVersionDate "2024.10.14"]
[SourceQuality "1"]

1. Nf3 Nf6 2. g3 g6 3. Bg2 Bg7 4. 0-0 0-0 5. d3 d6 6. c3 e5 7. e4 a5 8. a4 Na6 9. Na3 Re8 10. Nc4 b6 11. h3 Bb7 12. Be3 Nc5 13. b4 axb4 14. cxb4 Ne6 15. a5 b5 16. Na3 Qd7 17. Qb3 Rec8 18. Rac1 Ne8 19. Nd2 Ba6 20. f4 exf4 21. gxf4 Nd4 22. Bxd4 Bxd4+ 23. Kh1 Nf6 24. Nf3 Ba7 25. d4 Nxe4 26. Ng5 Nd2 27. Qa2 Nxf1 28. Rxf1 Rf8 29. Bxa8 Rxa8 30. Qg2 Rf8 31. Nc2 c5 32. d5 c4 33. Ne4 f6 34. f5 Kg7 35. h4 Bb7 36. Nc3 Re8 37. fxg6 hxg6 38. h5 g5 39. Qf3 Qf7 40. h6+ Kxh6 41. Qxf6+ Qg6 42. Kg2 Qxf6 43. Rxf6+ Kg7 44. Rxd6 Re7 45. Nxb5 Bb8 46. Rd8 Bf4 47. Ncd4 Kf6 48. Kf2 c3 49. Ne2 c2 50. Nxf4 c1Q 51. Rd6+ Kf7 52. Ne2 Qd2 53. Nbd4 Qe3+ 54. Ke1 Qg1+ 55. Kd2 Qh2 56. Rb6 Bxd5 57. Rb5 Bc4 58. Rf5+ Kg6 59. Kc3 Bxe2 0-1

[Event "Titled Tuesday intern op 06th Aug Early"]
[Site "Chess.com INT"]
[Date "2024.08.06"]
[Round "3"]
[White "Sameer, Loay"]
[Black "Jimenez Fernandez, Rebeca"]
[Result "1-0"]
[WhiteElo "2218"]
[BlackElo "2090"]
[PlyCount "63"]
[EventDate "2024.08.06"]
[EventType "swiss (blitz)"]
[EventRounds "11"]
[EventCountry "USA"]
[SourceTitle "EXT 2025"]
[Source "ChessBase"]
[SourceDate "2024.10.14"]
[SourceVersion "1"]
[SourceVersionDate "2024.10.14"]
[SourceQuality "1"]

1. e4 g6 2. d4 Bg7 3. Nc3 d6 4. Be3 a6 5. Qd2 b5 6. f3 Bb7 7. Nh3 Nd7 8. a4 b4 9. Nd1 a5 10. Nf4 Ngf6 11. h4 h5 12. Bc4 e5 13. Nh3 0-0 14. d5 Nb6 15. Be2 c6 16. dxc6 Bxc6 17. Ndf2 d5 18. Bc5 Re8 19. 0-0-0 Nxa4 20. Be3 dxe4 21. Qe1 Qc7 22. Ng5 exf3 23. Bc4 Re7 24. gxf3 Bxf3 25. Bb3 Bxh1 26. Qxh1 Nb6 27. Nfe4 Rc8 28. Nxf6+ Bxf6 29. Qe4 a4 30. Qxg6+ Kf8 31. Qxf6 axb3 32. Qh8# 1-0

[Event "Titled Tuesday intern op 11th Jun Late"]
[Site "Chess.com INT"]
[Date "2024.06.11"]
[Round "6"]
[White "Playa, Marcelo"]
[Black "Sameer, Loay"]
[Result "1/2-1/2"]
[WhiteElo "2376"]
[BlackElo "2208"]
[PlyCount "104"]
[EventDate "2024.06.11"]
[EventType "swiss (blitz)"]
[EventRounds "11"]
[EventCountry "USA"]
[SourceTitle "EXT 2025"]
[Source "ChessBase"]
[SourceDate "2024.10.14"]
[SourceVersion "1"]
[SourceVersionDate "2024.10.14"]
[SourceQuality "1"]

1. e4 g6 2. d4 Bg7 3. Nc3 d6 4. Be3 a6 5. Qd2 b5 6. 0-0-0 Bb7 7. f3 Nd7 8. Kb1 c5 9. dxc5 Nxc5 10. Bd4 Nf6 11. g4 e5 12. Be3 Ne6 13. h4 Nd4 14. Bxd4 exd4 15. Qxd4 0-0 16. Qxd6 Qa5 17. Qa3 Qxa3 18. bxa3 Nxg4 19. fxg4 Bxc3 20. Bd3 f5 21. gxf5 gxf5 22. Ne2 fxe4 23. Nxc3 exd3 24. Rhg1+ Kh8 25. Rxd3 Rad8 26. h5 Rxd3 27. cxd3 Rf5 28. Ne4 Bxe4 29. dxe4 Rxh5 30. Rd1 Rg5 31. a4 bxa4 32. Rd4 h5 33. Rxa4 a5 34. Kc2 Kg7 35. Kd3 Rb5 36. Ke3 Kf6 37. Kf4 Ke6 38. Rc4 Kd6 39. Rd4+ Ke6 40. Rc4 Rb2 41. a4 Rb4 42. Rc6+ Kd7 43. Rc5 Rxa4 44. Rxh5 Ra1 45. Ke5 a4 46. Rh7+ Kc6 47. Ke6 a3 48. e5 Kb6 49. Rh8 Kb7 50. Rh7+ Kb6 51. Rh8 Kb7 52. Rh7+ Kb6 1/2-1/2

[Event "Titled Tuesday intern op 04th Jun Early"]
[Site "Chess.com INT"]
[Date "2024.06.04"]
[Round "2"]
[White "Sameer, Loay"]
[Black "Jimenez Fernandez, Rebeca"]
[Result "1-0"]
[WhiteElo "2208"]
[BlackElo "2073"]
[PlyCount "29"]
[EventDate "2024.06.04"]
[EventType "swiss (blitz)"]
[EventRounds "11"]
[EventCountry "USA"]
[SourceTitle "EXT 2025"]
[Source "ChessBase"]
[SourceDate "2024.10.14"]
[SourceVersion "1"]
[SourceVersionDate "2024.10.14"]
[SourceQuality "1"]

1. Nf3 d5 2. g3 Nf6 3. Bg2 e6 4. 0-0 Be7 5. d3 0-0 6. Nbd2 c5 7. e4 Nc6 8. Re1 b5 9. exd5 exd5 10. d4 c4 11. Nf1 Bf5 12. Ne5 Rc8 13. a4 b4 14. Ne3 Re8 15. Nxf5 1-0

[Event "Titled Tuesday intern op 28th May Early"]
[Site "Chess.com INT"]
[Date "2024.05.28"]
[Round "2"]
[White "Sameer, Loay"]
[Black "Rohwer, Paul"]
[Result "1-0"]
[WhiteElo "2208"]
[BlackElo "2225"]
[PlyCount "49"]
[EventDate "2024.05.28"]
[EventType "swiss (blitz)"]
[EventRounds "11"]
[EventCountry "USA"]
[SourceTitle "EXT 2025"]
[Source "ChessBase"]
[SourceDate "2024.10.14"]
[SourceVersion "1"]
[SourceVersionDate "2024.10.14"]
[SourceQuality "1"]

1. d4 Nf6 2. Nf3 g6 3. c4 Bg7 4. Nc3 0-0 5. e4 d6 6. h3 c5 7. d5 e6 8. Bd3 exd5 9. exd5 Re8+ 10. Be3 Nbd7 11. 0-0 a6 12. Qd2 Rb8 13. a4 b6 14. Bh6 Bh8 15. Rae1 Nh5 16. g4 Nhf6 17. Bf4 Nf8 18. Ng5 h5 19. Nce4 Nxe4 20. Nxe4 Be5 21. Bg5 f6 22. Nxf6+ Bxf6 23. Bxf6 Qd7 24. Qh6 Bb7 25. Qh8+ 1-0

[Event "Titled Tuesday intern op 28th May Early"]
[Site "Chess.com INT"]
[Date "2024.05.28"]
[Round "1"]
[White "Svane, Rasmus"]
[Black "Sameer, Loay"]
[Result "1-0"]
[WhiteElo "2635"]
[BlackElo "2208"]
[PlyCount "65"]
[EventDate "2024.05.28"]
[EventType "swiss (blitz)"]
[EventRounds "11"]
[EventCountry "USA"]
[SourceTitle "EXT 2025"]
[Source "ChessBase"]
[SourceDate "2024.10.14"]
[SourceVersion "1"]
[SourceVersionDate "2024.10.14"]
[SourceQuality "1"]

1. Nf3 Nf6 2. g3 g6 3. Bg2 Bg7 4. 0-0 0-0 5. d4 d6 6. Re1 c5 7. dxc5 dxc5 8. c3 Qxd1 9. Rxd1 Nc6 10. Be3 Nd7 11. Ne1 Nce5 12. Na3 Rb8 13. h3 f5 14. f4 Nc6 15. Nd3 e5 16. Nxc5 Nf6 17. Nc4 Nh5 18. Kf2 e4 19. Rd2 b6 20. Nd7 Bxd7 21. Rxd7 b5 22. Nd6 b4 23. Rc7 Nd8 24. Bxa7 Ne6 25. Bxb8 Rxb8 26. Rc6 bxc3 27. bxc3 Nd8 28. Rc8 Rxc8 29. Nxc8 Bxc3 30. Rd1 Nc6 31. Rc1 Bd4+ 32. e3 Na7 33. exd4 1-0

[Event "Titled Tuesday intern op 14th May Early"]
[Site "Chess.com INT"]
[Date "2024.05.14"]
[Round "2"]
[White "Sameer, Loay"]
[Black "Mazzilli, Piero"]
[Result "1-0"]
[WhiteElo "2210"]
[BlackElo "2304"]
[PlyCount "83"]
[EventDate "2024.05.14"]
[EventType "swiss (blitz)"]
[EventRounds "11"]
[EventCountry "USA"]
[SourceTitle "EXT 2025"]
[Source "ChessBase"]
[SourceDate "2024.10.14"]
[SourceVersion "1"]
[SourceVersionDate "2024.10.14"]
[SourceQuality "1"]

1. Nf3 d5 2. g3 g6 3. Bg2 Bg7 4. 0-0 Nf6 5. d3 0-0 6. c3 c5 7. Qa4 Nc6 8. Qh4 Re8 9. e4 d4 10. c4 a6 11. e5 Nd7 12. e6 fxe6 13. Ng5 Nf6 14. Re1 e5 15. Bd5+ e6 16. Bxc6 bxc6 17. Rxe5 h6 18. Nf3 g5 19. Nxg5 hxg5 20. Bxg5 Rf8 21. Nd2 Qe8 22. Bxf6 Bxf6 23. Qg4+ Kf7 24. Rh5 Ke7 25. Ne4 Bd7 26. Nxc5 Rd8 27. Re1 e5 28. Rh7+ Rf7 29. Qh5 Rxh7 30. Qxh7+ Qf7 31. Qe4 Bg7 32. f4 Kf8 33. Nxd7+ Qxd7 34. fxe5 Re8 35. Qh7 Re7 36. e6 Rxe6 37. Rf1+ Ke8 38. Qg8+ Ke7 39. Rf7+ Kd6 40. Rxd7+ Kxd7 41. Qxg7+ Re7 42. Qxd4+ 1-0

[Event "Titled Tuesday intern op 07th May Early"]
[Site "Chess.com INT"]
[Date "2024.05.07"]
[Round "2"]
[White "Da Silva, Giovanni B Tavares"]
[Black "Sameer, Loay"]
[Result "0-1"]
[WhiteElo "2066"]
[BlackElo "2210"]
[PlyCount "82"]
[EventDate "2024.05.07"]
[EventType "swiss (blitz)"]
[EventRounds "11"]
[EventCountry "USA"]
[SourceTitle "EXT 2025"]
[Source "ChessBase"]
[SourceDate "2024.10.14"]
[SourceVersion "1"]
[SourceVersionDate "2024.10.14"]
[SourceQuality "1"]

1. e4 g6 2. d4 Bg7 3. Nc3 d6 4. f4 Nc6 5. Nf3 Bg4 6. Be3 Bxf3 7. gxf3 d5 8. Bb5 e6 9. Qd2 Nge7 10. 0-0-0 a6 11. Bxc6+ Nxc6 12. h4 h5 13. f5 gxf5 14. exf5 exf5 15. Bg5 f6 16. Rde1+ Kf7 17. Bf4 Ne7 18. Rhg1 Ng6 19. Qg2 Rh6 20. Bxh6 Bxh6+ 21. Kb1 Nf4 22. Qh2 Qd6 23. Ne2 Nxe2 24. Qxe2 f4 25. Qg2 f5 26. Re5 Qf6 27. Rxd5 Re8 28. Qh3 Ke6 29. Rxf5 Qxf5 30. Re1+ Kf6 31. Qxf5+ Kxf5 32. Rxe8 Bg7 33. Re7 Bf6 34. Rxc7 Bxh4 35. d5 Bf6 36. Rh7 Kg6 37. Rxb7 h4 38. Rb8 h3 39. Rg8+ Bg7 40. d6 h2 41. b3 h1Q# 0-1